000 02250nam a2200301 a 4500
001
003 OSt
005 20230201121456.0
008 130306s2009 dr r 001 0 spa d
020 _a9786074011388
040 _aDO-SdBNP
_bspa
_cBPMSU
082 4 _a972.9
_bB742de 2007
_222
100 1 _a Bosch, Juan,
_d1909-2001
_91
245 1 0 _aDe Cristóbal Colón a Fidel Castro :
_bel Caribe, frontera imperial /
_cJuan Bosch.
260 _aMéxico :
_bMiguel Ángel Porrúa;
_bEmbajada de la República Dominicana en México,
_c2009
300 _a762 p. ;
_c24 cm.
500 _aIncluye índice de personas y lugares
500 _aIncluye referencias biblográficas y notas al pie de las páginas
504 _aBibliografía : p. 759-762
505 0 _a Introducción / Pablo A. Maríñez -- Unas palabras del autor -- Una frontera de cinco siglos -- El escenario de la frontera -- Indios y españoles en los primeros años de la frontera imperial -- La conquista del Caribe entre 1508 y 1526 -- La conquista entre 1526-1584 -- Sublevaciones de indios, africanos y españoles en el siglo XVI -- Las guerras de España en el siglo XVI -- Contrabandistas, bucaneros y filibusteros -- El siglo de la desmembración -- El tiempo del espanto -- Intermedio europeo -- El Caribe hasta la Paz de Utrecht -- Las guerras en el Caribe hasta la Paz de París (1763) -- La revolución Norteamericana y sus resultados en el Caribe -- La revolución francesa y su proyección en el Caribe -- El tiempo de la libertad -- Nacimiento de la República de Haití -- En los umbrales de la gran conmoción -- La guerra social venezolana -- La independencia de los territorios españoles -- 1821-1851. Los años de reajuste -- Los años de los episodios increíbles (1855-1861) -- Las luchas por la independencia de Cuba (1868-1898) -- El siglo del imperio norteamericano -- Los años de las balas y de los dólares -- Fidel Castro o la nueva etapa histórica del Caribe.
590 _6Inventariado,2021/VM
600 1 4 _aCastro, Fidel,
_d1926-2016
_xCrítica e interpretación.
600 1 4 _aColón, Cristóbal,
_d1451-1506.
_xCrítica e interpretación
650 4 _y
651 4 _aCaribe (Región)
_xHistoria
910 _aVMateo V.
942 _2ddc
_cBK
999 _c13862
_d13862